[Event "chess.com SpeedChess Q1Sw"]
[Site "chess.com INT"]
[Date "2022.11.10"]
[Round "6"]
[White "Lazavik, Denis"]
[Black "Bordi, Kevin"]
[Result "1-0"]
[WhiteTitle "IM"]
[WhiteElo "2529"]
[BlackElo "2288"]
[WhiteFideId "13515110"]
[BlackFideId "621862"]
[EventDate "2022.11.10"]

1. d4 d5 2. c4 c6 3. Nf3 Nf6 4. e3 Bf5 5. Nc3 e6 6. Nh4 Be4 7. f3 Bg6 8. Bd2 Qb6
9. Nxg6 hxg6 10. Qc2 Nbd7 11. O-O-O O-O-O 12. Kb1 Kb8 13. cxd5 cxd5 14. Na4 Qc7
15. Qb3 Be7 16. Ba6 Nb6 17. Rc1 Qd6 18. Nxb6 Qxb6 19. Qxb6 axb6 20. Bb5 Bd6 21.
h3 Nh5 22. Rc2 Ng3 23. Rhc1 Nf5 24. a3 Nh4 25. Bf1 Rc8 26. e4 f6 27. Be1 g5 28.
Bd3 Rxc2 29. Rxc2 Rc8 30. Re2 Ng6 31. g3 dxe4 32. fxe4 e5 33. d5 Rh8 34. Rh2 Ne7
35. Kc2 Bc5 36. Kd1 Bd4 37. b3 Nc8 38. h4 Nd6 39. Rg2 Kc7 40. Ke2 Kd7 41. Kf3
Ke7 42. Rc2 Kd7 43. hxg5 fxg5 44. Kg4 Rh1 45. Bd2 Ra1 46. a4 Rd1 47. Be2 Rg1 48.
Bf3 Bf2 49. Kh5 Rxg3 50. Bg4+ Kd8 51. Bxg5+ Ke8 52. Rxf2 Nxe4 53. Re2 Nf6+ 54.
Bxf6 gxf6 55. d6 Rd3 56. d7+ Ke7 57. Rc2 e4 58. Rc8 e3 59. Re8+ Kf7 60. d8=Q
Rxd8 61. Rxd8 f5 62. Be2 1-0

[Event "chess.com SpeedChess Q1Sw"]
[Site "chess.com INT"]
[Date "2022.11.10"]
[Round "6"]
[White "Lopez Martinez, Josep Manuel"]
[Black "Harsha, Bharathakoti"]
[Result "1-0"]
[WhiteTitle "GM"]
[BlackTitle "GM"]
[WhiteElo "2493"]
[BlackElo "2582"]
[WhiteFideId "2212943"]
[BlackFideId "5078776"]
[EventDate "2022.11.10"]

1. e4 c5 2. Nf3 e6 3. d4 cxd4 4. Nxd4 a6 5. Bd3 Bc5 6. Nb3 Ba7 7. Qg4 Nf6 8. Qg3
d6 9. Nc3 Nc6 10. Be3 Bxe3 11. Qxe3 b5 12. O-O-O O-O 13. Kb1 b4 14. Na4 Rb8 15.
f4 Qc7 16. Rhe1 Bd7 17. e5 dxe5 18. fxe5 Nd5 19. Qe4 g6 20. Nac5 Bc8 21. h4 a5
22. h5 a4 23. Nd4 Nxd4 24. Qxd4 Rd8 25. Qh4 a3 26. hxg6 fxg6 27. Bxg6 hxg6 28.
Rh1 Nc3+ 29. bxc3 Rxd1+ 30. Rxd1 bxc3+ 31. Nb3 Bb7 32. Qf6 Qf7 33. Qh4 Bd5 34.
Rh1 Qg7 35. Qg5 Rf8 36. Nd4 Rb8+ 37. Ka1 Rf8 38. Rb1 Qf7 39. g4 Qg7 40. Ne2 Qf7
41. Nxc3 Bc4 42. Ne4 Kg7 43. Nf6 Rh8 44. Rd1 Bd5 45. Qf4 Qc7 46. Nxd5 exd5 47.
Qf6+ Kg8 48. Qxg6+ Kf8 49. Rf1+ Ke7 50. Rf7+ Kd8 51. Qf6+ Ke8 52. Qxh8+ Kxf7 53.
Qh7+ 1-0

[Event "chess.com SpeedChess Q1Sw"]
[Site "chess.com INT"]
[Date "2022.11.10"]
[Round "6"]
[White "Omariev, Maksim"]
[Black "Mikhailov, Viacheslav"]
[Result "1-0"]
[WhiteTitle "FM"]
[BlackTitle "IM"]
[WhiteElo "2304"]
[BlackElo "2428"]
[WhiteFideId "4193423"]
[BlackFideId "4187369"]
[EventDate "2022.11.10"]

1. g4 d6 2. Bg2 Nc6 3. h3 g6 4. d4 Bg7 5. d5 Nb4 6. c4 c5 7. Nc3 h5 8. g5 Bf5 9.
e4 Bd7 10. Nge2 e6 11. a3 Na6 12. dxe6 Bxe6 13. Nb5 Ke7 14. Qd3 Nc7 15. Nbc3 Kf8
16. Bf4 Be5 17. O-O-O Qe7 18. h4 Kg7 19. Be3 b5 20. cxb5 a6 21. b6 Nb5 22. Nxb5
axb5 23. Qxb5 Kh7 24. f4 Bg7 25. e5 Rd8 26. exd6 Rxd6 27. Bxc5 Rxd1+ 28. Rxd1
Qf8 29. Bxf8 Bxf8 30. b7 Ne7 31. b8=Q Nf5 32. Q8e5 Bg7 33. Qe4 Rc8+ 34. Kb1 Nxh4
35. Nd4 Bg4 36. Rc1 Rd8 37. Nc2 Bf5 38. Qee2 Bg4 39. Qf2 Nf5 40. Be4 Nd6 41. Qd5
Rd7 42. Bd3 Nf5 43. Qe4 Ne3 44. Qexe3 Rb7 45. b4 Ra7 46. Ka2 Rc7 47. Kb3 Be6+
48. Ka4 Rc8 49. b5 Ra8+ 50. Kb4 Bf8+ 51. Kc3 Bg7+ 52. Kd2 Bg4 53. f5 h4 54.
fxg6+ fxg6 55. Qe4 Rd8 56. Qxg6+ 1-0

[Event "chess.com SpeedChess Q1Sw"]
[Site "chess.com INT"]
[Date "2022.11.10"]
[Round "6"]
[White "Alekseenko, Kirill"]
[Black "Narayanan, S.L."]
[Result "0-1"]
[WhiteTitle "GM"]
[BlackTitle "GM"]
[WhiteElo "2687"]
[BlackElo "2673"]
[WhiteFideId "4135539"]
[BlackFideId "5058422"]
[EventDate "2022.11.10"]

1. e4 c6 2. d4 d5 3. e5 Bf5 4. c4 e6 5. Nc3 Ne7 6. a3 h6 7. Nf3 Nd7 8. cxd5 Nxd5
9. Nxd5 cxd5 10. Bd3 Bxd3 11. Qxd3 Rc8 12. O-O Be7 13. Bd2 O-O 14. g3 Qb6 15.
Bc3 Qa6 16. Qe3 Nb6 17. b3 Rc7 18. a4 Rfc8 19. Bd2 Nd7 20. Rfc1 Rxc1+ 21. Rxc1
Rxc1+ 22. Bxc1 Qc6 23. Qd2 b5 24. axb5 Qxb5 25. Qc2 Bf8 26. Kg2 Nb8 27. h4 Nc6
28. Bd2 Qb6 29. Bc3 Bb4 30. Bxb4 Nxb4 31. Qc8+ Kh7 32. Qd7 Nc6 33. Qxf7 Nxd4 34.
Nh2 Qxb3 35. Ng4 Qb8 36. Nf6+ Kh8 37. Qg6 gxf6 38. exf6 Qf8 39. g4 Nc6 40. g5
Ne5 41. Qh5 Kh7 42. Qe2 Ng6 43. Qc2 h5 44. f4 Qf7 45. Kg3 a5 46. Qe2 Nf8 47. Qa6
Qc7 48. Qe2 Qc3+ 49. Kg2 Kg6 50. Qb5 Qd2+ 51. Kf3 Qd1+ 52. Kf2 Kf5 53. f7 Qd2+
54. Kg1 Qe3+ 55. Kg2 Qe4+ 56. Kg1 Qxf4 57. Qc5 Qb8 58. Qf2+ Kg4 59. g6 Qb1+ 60.
Kg2 Qxg6 61. Qf3+ Kxh4+ 62. Kh2 Qc2+ 63. Kh1 Qe4 0-1

[Event "chess.com SpeedChess Q1Sw"]
[Site "chess.com INT"]
[Date "2022.11.10"]
[Round "6"]
[White "Salem, A.R. Saleh"]
[Black "Donchenko, Alexander"]
[Result "1-0"]
[WhiteTitle "GM"]
[BlackTitle "GM"]
[WhiteElo "2677"]
[BlackElo "2645"]
[WhiteFideId "9301348"]
[BlackFideId "24603295"]
[EventDate "2022.11.10"]

1. d4 Nf6 2. c4 e6 3. Nc3 Bb4 4. a3 Bxc3+ 5. bxc3 d6 6. f3 e5 7. e4 Nh5 8. Be3
b6 9. Bd3 Qh4+ 10. g3 Qe7 11. Ne2 Bh3 12. g4 Nf6 13. Rg1 h5 14. g5 Nfd7 15. Rg3
Be6 16. d5 h4 17. dxe6 hxg3 18. exd7+ Nxd7 19. hxg3 Nc5 20. Bc2 Rh1+ 21. Ng1 Qe6
22. Qd5 Rd8 23. O-O-O Rh2 24. Qxe6+ Nxe6 25. f4 Ke7 26. fxe5 dxe5 27. Rxd8 Kxd8
28. Nf3 Re2 29. Bd2 f6 30. Bd3 Rf2 31. Nh4 Nxg5 32. Nf5 Ne6 33. Be3 Ra2 34. Bc2
Ra1+ 35. Bb1 Rxa3 36. Kb2 Ra5 37. g4 Ke8 38. Bf2 Kf7 39. Bc2 Nc5 40. Ne3 c6 41.
Nf5 Na4+ 42. Kb3 Nc5+ 43. Kb2 g6 44. Nd6+ Ke7 45. Bxc5 Rxc5 46. Nb7 Rxc4 47. Kb3
b5 48. Na5 Ra4 49. Nxc6+ Kd6 50. Nb4 Ra1 51. Nd5 Rf1 52. Bd3 Rf3 53. Bxb5 f5 54.
gxf5 gxf5 55. Kb4 fxe4 56. c4 e3 57. Nc3 Rf2 58. Ne4+ Kc7 59. Nxf2 exf2 60. c5
e4 61. Kc3 e3 62. Kd4 a6 63. Bxa6 Kc6 64. Be2 Kc7 65. Kxe3 f1=Q 66. Bxf1 Kc6 67.
Kd4 Kc7 68. Bb5 Kb7 69. Kd5 Kc7 70. c6 1-0

[Event "chess.com SpeedChess Q1Sw"]
[Site "chess.com INT"]
[Date "2022.11.10"]
[Round "6"]
[White "Harsh, Suresh"]
[Black "Manukyan, Sargis A."]
[Result "0-1"]
[WhiteTitle "FM"]
[BlackTitle "FM"]
[WhiteElo "2280"]
[BlackElo "2163"]
[WhiteFideId "45018464"]
[BlackFideId "13303970"]
[EventDate "2022.11.10"]

1. d4 d5 2. c4 e6 3. Nc3 Nf6 4. cxd5 exd5 5. Bg5 Be7 6. e3 O-O 7. Bd3 Nbd7 8.
Qc2 b6 9. Nge2 Bb7 10. O-O c5 11. Rfd1 c4 12. Bf5 a6 13. a4 g6 14. Bh3 Bc6 15.
Nf4 b5 16. axb5 axb5 17. Rxa8 Qxa8 18. Bxd7 Bxd7 19. Bxf6 Bxf6 20. Ncxd5 Bg7 21.
Nb6 Qc6 22. Nxd7 Qxd7 23. Ra1 Rc8 24. h3 b4 25. Ra5 Bf8 26. Nd5 Qd6 27. Rb5 Qc6
28. Ra5 Rd8 29. e4 Kh8 30. Ra7 f5 31. Ne3 Qxe4 32. Qxe4 fxe4 33. Nxc4 Rxd4 34.
Ne5 Rd2 35. Nd7 Bd6 36. g3 Be7 37. Ne5 Bc5 38. Ra8+ Kg7 39. Ng4 h5 40. Rc8 Bb6
41. Ne3 Bxe3 42. fxe3 Rxb2 43. Rc4 b3 44. Rb4 Kf6 45. h4 Kf5 46. Kf1 Kg4 47.
Rxe4+ Kf3 48. Rf4+ Kxe3 49. Rb4 Kf3 50. Ke1 Kxg3 51. Kd1 Kh3 52. Kc1 Rg2 53.
Rxb3+ Kxh4 54. Kd1 Rf2 55. Ke1 Rf4 56. Ke2 g5 57. Rd3 g4 58. Rd5 g3 59. Ke3 Rf7
60. Rd4+ Kh3 61. Rd5 h4 62. Rg5 g2 63. Ke2 Kh2 64. Rg4 h3 65. Rg5 g1=Q 66. Rxg1
Kxg1 67. Ke3 h2 68. Ke4 h1=Q+ 69. Ke5 Qh6 70. Ke4 Qa6 71. Kd4 Rb7 72. Ke4 Rb5
73. Kd3 Qa4 74. Kd2 Rb3 75. Kc1 Qa2 76. Kd1 Rb1# 0-1

[Event "chess.com SpeedChess Q1Sw"]
[Site "chess.com INT"]
[Date "2022.11.10"]
[Round "6"]
[White "Ter-Sahakyan, Samvel"]
[Black "Dubov, Daniil"]
[Result "0-1"]
[WhiteTitle "GM"]
[BlackTitle "GM"]
[WhiteElo "2605"]
[BlackElo "2708"]
[WhiteFideId "13302531"]
[BlackFideId "24126055"]
[EventDate "2022.11.10"]

1. d4 Nf6 2. Nf3 d5 3. c4 c6 4. Nc3 dxc4 5. a4 Bf5 6. Ne5 Nbd7 7. Nxc4 Nb6 8.
Ne5 a5 9. e3 Nfd7 10. Bd3 g6 11. Bxf5 gxf5 12. Nf3 e6 13. O-O Nf6 14. Qe2 Bb4
15. Bd2 Rg8 16. Ne5 Nbd7 17. Nd3 Bd6 18. f4 Qb6 19. Be1 Qa6 20. Rd1 Nb6 21. e4
fxe4 22. Nxe4 Nxe4 23. Qxe4 O-O-O 24. Bh4 Rde8 25. Ne5 f5 26. Qf3 Nxa4 27. Qb3
Qb5 28. Qc2 Nb6 29. b3 Bxe5 30. dxe5 Nd5 31. Rf3 Rg4 32. Bg5 Qb6+ 33. Kh1 h6 34.
Bxh6 Rh8 35. Rxd5 Rxh6 36. Rd6 Qb4 37. Qf2 Rg8 38. h3 Rhg6 39. g3 Rh6 40. Kh2
Qe4 41. Rd4 Qb1 42. h4 Rg4 43. Rfd3 Rh8 44. Rd6 Rg6 45. Rc3 Kb8 46. Rdxc6 Qe4
47. Rd6 Rhg8 48. Rd4 Qb1 49. Rd6 Rh6 50. Rcd3 Rhh8 51. Rd7 Qc1 52. Rd2 Qc6 53.
R2d6 Qe4 54. Rxb7+ Qxb7 55. Qe2 Rh7 56. Rd4 Rhg7 57. Rd3 Rd7 58. Qd2 Rxd3 59.
Qxd3 Rc8 60. Qd6+ Qc7 61. Qxe6 Qc2+ 62. Kh3 Qe4 63. Qb6+ Qb7 64. Qd6+ Ka8 65.
Qd1 Qe4 66. Qa1 Kb7 67. e6 Qxe6 68. Qxa5 Qc6 69. Qb4+ Qb6 70. Qe7+ Qc7 71. Qb4+
Qb6 72. Qe7+ Rc7 73. Qe5 Rc5 74. Qe7+ Qc7 75. Qe6 Qc6 76. Qe7+ Ka6 77. Qe3 Qh1# 0-1

[Event "chess.com SpeedChess Q1Sw"]
[Site "chess.com INT"]
[Date "2022.11.10"]
[Round "6"]
[White "Borgaonkar, Akshay"]
[Black "Liyanage, Ranindu Dilshan"]
[Result "1-0"]
[WhiteTitle "CM"]
[BlackTitle "FM"]
[WhiteElo "2135"]
[BlackElo "2331"]
[WhiteFideId "25639110"]
[BlackFideId "9915834"]
[EventDate "2022.11.10"]

1. Nf3 d5 2. b3 Nf6 3. Bb2 g6 4. h4 h5 5. g3 Bg7 6. Bg2 c5 7. O-O Nc6 8. c4 d4
9. d3 O-O 10. Nbd2 e5 11. a3 Bf5 12. Ng5 Qe7 13. Nge4 Nxe4 14. Nxe4 Bd7 15. Rb1
f5 16. Ng5 Bf6 17. Bd5+ Kg7 18. Bc1 a5 19. Bd2 Rae8 20. Qc1 Qd6 21. Nf3 e4 22.
Bh6+ Kh8 23. Bxf8 Qxf8 24. Ng5 e3 25. f4 Kg7 26. Bg2 Bxg5 27. fxg5 Qd6 28. Rf4
Nd8 29. Bd5 Bc6 30. Bxc6 Qxc6 31. b4 axb4 32. axb4 Ne6 33. Rf3 Re7 34. bxc5 Nxc5
35. Qb2 Rd7 36. Qb5 Qd6 37. Qb6 Qe5 38. Rb5 Rc7 39. Rf4 Kf7 40. Qf6+ Qxf6 41.
gxf6 Ne6 42. Rf1 Kxf6 43. Rfb1 Nc5 44. Rb6+ Kf7 45. Rd6 Ne6 46. Rbb6 Re7 47. Kg2
f4 48. gxf4 Nxf4+ 49. Kf3 Ne6 50. Ke4 Ng7+ 51. Kf4 Ne6+ 52. Ke5 Ng7+ 53. Kd5 Ne8
54. Rxg6 Rd7+ 55. Kc5 Ng7 56. Rbf6+ Ke8 57. Rg5 Re7 58. Kxd4 Ne6+ 59. Rxe6 Rxe6
60. Rxh5 Kd7 61. Re5 Rh6 62. Re4 Kd6 63. Kxe3 Kc5 64. Kd2 Kb4 65. Kc2 Ka3 66.
Kc3 b6 67. Re8 Ka2 68. Re4 Kb1 69. Rf4 Kc1 70. e4 Kd1 71. e5 Ke2 72. Re4+ Kf3
73. e6 Rh8 74. e7 Re8 75. Kb4 Kg3 76. Kb5 Kf3 77. Kxb6 1-0

[Event "chess.com SpeedChess Q1Sw"]
[Site "chess.com INT"]
[Date "2022.11.10"]
[Round "6"]
[White "Paravyan, David"]
[Black "Sarana, Alexey"]
[Result "1/2-1/2"]
[WhiteTitle "GM"]
[BlackTitle "GM"]
[WhiteElo "2586"]
[BlackElo "2668"]
[WhiteFideId "4194985"]
[BlackFideId "24133795"]
[EventDate "2022.11.10"]

1. e4 c5 2. Nf3 d6 3. d4 Nf6 4. Nc3 cxd4 5. Nxd4 a6 6. Bg5 e6 7. Qd2 Be7 8.
O-O-O h6 9. Bxf6 Bxf6 10. f4 Bd7 11. Nf3 Qa5 12. Qxd6 Be7 13. Qd4 O-O 14. Ne5
Bb5 15. Nc4 Bxc4 16. Qxc4 Nc6 17. e5 Rac8 18. Qe4 Nb4 19. Bd3 g6 20. Bc4 Rc6 21.
Rd7 Rfc8 22. Bb3 Rxc3 23. bxc3 Nxa2+ 24. Bxa2 Qxa2 25. Kd2 Qa3 26. Ke2 Rxc3 27.
Rhd1 Bc5 28. R7d3 Rxc2+ 29. R1d2 Rxd2+ 30. Rxd2 Qb3 31. Qd3 Qb4 32. Kf3 a5 33.
Qd8+ Bf8 34. g3 a4 35. Rd7 Qb3+ 36. Kg2 Qc2+ 37. Kh3 a3 38. Qf6 Qf5+ 39. Qxf5
gxf5 40. Rxb7 Kg7 41. Ra7 Kg6 42. Ra4 Bc5 43. Kg2 Be7 44. Kf3 Bf8 45. h3 h5 46.
g4 hxg4+ 47. hxg4 fxg4+ 48. Kxg4 Be7 49. Ra6 Kg7 50. f5 exf5+ 51. Kxf5 Bb4 52.
Ra7 Bc5 53. Ra4 Be7 54. Ra5 Bf8 55. Ra6 Bb4 56. Ra7 Bc5 57. Ra4 Be7 58. Ke4 Bc5
59. Kd5 Be7 60. Ra7 Kf8 61. Ra8+ Kg7 62. Ra4 Kf8 63. Ra7 Bb4 64. Kd4 Be7 65. Kc4
Ke8 66. Ra8+ Kd7 67. Kd5 Bb4 68. Ra7+ Ke8 69. Ra8+ Kd7 70. Kc4 Be7 71. Kd4 Ke6
72. Ke4 Bc5 73. Ra6+ Kd7 74. Kd5 Bb4 75. Ra8 Be7 76. Ra4 Ke8 77. Kc6 Kf8 78. Kd7
Bc5 79. Ra5 Bb4 80. Rb5 Bc3 81. Rb8+ Kg7 82. Ra8 Bxe5 83. Rxa3 Kg6 84. Kc6 Kf5
85. Kd5 f6 86. Ra2 Kf4 87. Rf2+ Ke3 88. Rf5 Bc3 89. Ke6 Be5 90. Kf7 Ke4 91. Kg6
Ke3 92. Kh5 Ke4 93. Kg4 Ke3 94. Rf1 Ke4 95. Re1+ Kd3 96. Kf3 Kd4 97. Rd1+ Kc4
98. Ke4 Kc5 99. Rc1+ Kd6 100. Rb1 Kc5 101. Rc1+ Kd6 102. Rc2 Bg3 103. Ra2 Be5
104. Ra5 Kc6 105. Ra6+ Kc5 106. Ra8 Kc6 107. Rc8+ Kd7 108. Rh8 Ke6 109. Re8+ Kd7
110. Ra8 Kc6 111. Kf5 Kd5 112. Rf8 Kd6 113. Rf7 Kd5 114. Re7 Kd6 115. Re6+ Kd5
116. Rb6 Kc5 117. Rxf6 Bxf6 1/2-1/2

[Event "chess.com SpeedChess Q1Sw"]
[Site "chess.com INT"]
[Date "2022.11.10"]
[Round "7"]
[White "Stribuk, Artiom"]
[Black "Omariev, Maksim"]
[Result "1-0"]
[WhiteTitle "FM"]
[BlackTitle "FM"]
[WhiteElo "2312"]
[BlackElo "2304"]
[WhiteFideId "13515659"]
[BlackFideId "4193423"]
[EventDate "2022.11.10"]

1. d4 d5 2. c4 e6 3. Nf3 Nf6 4. g3 Be7 5. Bg2 O-O 6. O-O dxc4 7. Na3 a6 8. Nxc4
b5 9. Nfe5 Nd5 10. Ne3 Bb7 11. Nxd5 Bxd5 12. e4 Bb7 13. Be3 Nd7 14. Nd3 Rc8 15.
Rc1 f5 16. Nf4 Rf6 17. e5 Bxg2 18. exf6 Bxf1 19. fxe7 Qxe7 20. Qxf1 1-0

[Event "chess.com SpeedChess Q1Sw"]
[Site "chess.com INT"]
[Date "2022.11.10"]
[Round "7"]
[White "Suder, Jakub"]
[Black "Namitbir, Singh Walia"]
[Result "0-1"]
[WhiteTitle "FM"]
[BlackTitle "FM"]
[WhiteElo "2244"]
[BlackElo "2339"]
[WhiteFideId "1195310"]
[BlackFideId "35071068"]
[EventDate "2022.11.10"]

1. d4 Nf6 2. c4 c5 3. d5 g6 4. Nc3 d6 5. e4 Bg7 6. Bd3 O-O 7. h3 e5 8. Nf3 Na6
9. g4 Nc7 10. a4 Na6 11. Be3 Nb4 12. Be2 Kh8 13. Qd2 Bd7 14. Kf1 Qc7 15. Ne1
Nxe4 16. Nxe4 f5 17. Bh6 fxe4 18. Ng2 Bxh6 19. Qxh6 Nc2 20. Rc1 Nd4 21. Ne3 Bxa4
22. h4 Qf7 23. Rh2 Qf4 0-1

[Event "chess.com SpeedChess Q1Sw"]
[Site "chess.com INT"]
[Date "2022.11.10"]
[Round "7"]
[White "Baskakov, Egor"]
[Black "Dixit, Nikhil"]
[Result "1/2-1/2"]
[WhiteTitle "CM"]
[BlackTitle "FM"]
[WhiteElo "2215"]
[BlackElo "2306"]
[WhiteFideId "24197866"]
[BlackFideId "5059534"]
[EventDate "2022.11.10"]

1. e4 e6 2. Nc3 d5 3. g3 dxe4 4. Nxe4 Nf6 5. Nxf6+ Qxf6 6. Bg2 Bd6 7. Ne2 O-O 8.
d4 Nc6 9. c3 Bd7 10. O-O Rae8 11. Be3 e5 12. d5 Ne7 13. c4 b6 14. Qd2 Nf5 15.
Nc3 Nxe3 16. fxe3 Qh6 17. Ne4 f5 18. Nxd6 cxd6 19. b4 g5 20. Rac1 f4 21. exf4
gxf4 22. gxf4 Rxf4 23. Rxf4 Qxf4 24. Qxf4 exf4 25. Kf2 Re3 26. c5 bxc5 27. bxc5
dxc5 28. Rxc5 Ra3 29. Rc7 Bg4 30. d6 Rxa2+ 31. Kg1 Ra1+ 32. Kf2 Ra2+ 33. Kg1 Rd2
34. Rxa7 Rd1+ 35. Kf2 Rd2+ 36. Kg1 Rxd6 37. Ra4 Rf6 38. Kf2 Kg7 39. Ra7+ Rf7 40.
Ra6 Rf6 41. Ra7+ Kg6 42. Be4+ Bf5 43. Bxf5+ Rxf5 44. Kf3 Rf7 45. Rxf7 Kxf7 46.
Kxf4 Kg7 47. Kg5 Kh8 48. Kh6 Kg8 49. h4 Kh8 50. h5 Kg8 51. Kg5 Kg7 52. h6+ Kf7
53. Kf5 Kf8 54. Ke5 Ke7 55. Kf5 Kf7 56. Ke5 Kg6 57. Kf4 Kxh6 58. Kg3 Kg6 59. Kg4
Kh6 60. Kh4 Kg6 61. Kg4 h6 62. Kh4 h5 63. Kh3 Kh6 64. Kg3 Kg5 65. Kh3 h4 66. Kh2
Kh5 67. Kg2 Kg4 68. Kh2 h3 69. Kg1 Kh4 70. Kh1 Kg3 71. Kg1 h2+ 72. Kh1 Kf2 73.
Kxh2 1/2-1/2

[Event "chess.com SpeedChess Q1Sw"]
[Site "chess.com INT"]
[Date "2022.11.10"]
[Round "7"]
[White "Terry, Renato"]
[Black "Gabrielian, Artur"]
[Result "1-0"]
[WhiteTitle "IM"]
[BlackTitle "GM"]
[WhiteElo "2516"]
[BlackElo "2460"]
[WhiteFideId "3803457"]
[BlackFideId "4131002"]
[EventDate "2022.11.10"]

1. Nf3 Nf6 2. d4 g6 3. Bg5 Bg7 4. c3 O-O 5. Nbd2 d6 6. e4 c5 7. dxc5 dxc5 8. Bc4
Nc6 9. Qe2 h6 10. Bh4 Nh5 11. O-O Na5 12. Rad1 Qc7 13. Rfe1 Nxc4 14. Nxc4 Be6
15. Ne3 Nf4 16. Qc2 Rfd8 17. Bg3 g5 18. Nd5 Bxd5 19. exd5 c4 20. Qe4 Rd7 21. h4
Bf6 22. hxg5 hxg5 23. Qf5 Qd8 24. Bxf4 gxf4 25. Re4 e6 26. Qg4+ Kf8 27. Rxf4
exd5 28. Rxf6 1-0

[Event "chess.com SpeedChess Q1Sw"]
[Site "chess.com INT"]
[Date "2022.11.10"]
[Round "7"]
[White "Manukyan, Sargis A."]
[Black "Kovalev, Vladislav"]
[Result "0-1"]
[WhiteTitle "FM"]
[BlackTitle "GM"]
[WhiteElo "2163"]
[BlackElo "2623"]
[WhiteFideId "13303970"]
[BlackFideId "13504398"]
[EventDate "2022.11.10"]

1. d4 Nf6 2. c4 e6 3. Nc3 Bb4 4. a3 Bxc3+ 5. bxc3 b6 6. e3 Bb7 7. f3 d6 8. Bd3
Nbd7 9. Ne2 e5 10. Ng3 h5 11. e4 h4 12. Nf5 g6 13. Ne3 Nh5 14. Nd5 c6 15. Ne3
Nf4 16. Bf1 Qe7 17. g3 hxg3 18. h3 O-O-O 19. a4 d5 20. cxd5 cxd5 21. a5 dxe4 22.
axb6 Nxb6 23. fxe4 exd4 24. cxd4 Qxe4 25. Rg1 Rxd4 26. Qg4+ f5 27. Qxg3 Nd3+ 28.
Bxd3 Rxd3 29. Bd2 f4 30. Rc1+ Kb8 31. Qxg6 Rxe3+ 32. Kd1 Qf3+ 33. Kc2 Rc8+ 34.
Kb2 Rb3+ 0-1

[Event "chess.com SpeedChess Q1Sw"]
[Site "chess.com INT"]
[Date "2022.11.10"]
[Round "7"]
[White "Ahn, Hongjin"]
[Black "Al-Tarboush, Ward"]
[Result "1-0"]
[WhiteTitle "IM"]
[BlackTitle "FM"]
[WhiteElo "2282"]
[BlackElo "2238"]
[WhiteFideId "13201492"]
[BlackFideId "7601450"]
[EventDate "2022.11.10"]

1. Nf3 c5 2. g3 Nc6 3. Bg2 e5 4. d3 Nf6 5. O-O d5 6. c4 d4 7. b4 cxb4 8. a3 bxa3
9. Bxa3 Bxa3 10. Nxa3 O-O 11. Qa4 Bd7 12. Rfb1 Rb8 13. Nb5 a6 14. Nd6 Qc7 15. c5
Ne7 16. Qa3 Ng6 17. Nd2 Bc6 18. N2c4 h5 19. Bxc6 Qxc6 20. Na5 Qd5 21. Naxb7 h4
22. Qb3 Qc6 23. Qb6 Qd5 24. Qb3 Qc6 25. Qb6 Ne7 26. Qxc6 Nxc6 27. Rxa6 Ne7 28.
c6 Ned5 29. Ra7 h3 30. Rc1 Nc7 31. Nc5 Nfd5 32. Nd7 Rb2 33. Nxf8 Nc3 34. Kf1
N7d5 35. Ra8 Nxe2 36. Re1 Ndc3 37. Ne6+ Kh7 38. Nxf7 Nd5 39. Rh8+ Kg6 40. Nxe5+
Kf5 41. c7 Ne3+ 42. fxe3 Nxg3+ 43. hxg3 1-0

[Event "chess.com SpeedChess Q1Sw"]
[Site "chess.com INT"]
[Date "2022.11.10"]
[Round "7"]
[White "Tarnowska, Aleksandra"]
[Black "Jodorcovsky Werjivker, Paulo"]
[Result "0-1"]
[WhiteTitle "WCM"]
[BlackTitle "CM"]
[WhiteElo "1835"]
[BlackElo "2220"]
[WhiteFideId "1180967"]
[BlackFideId "3700305"]
[EventDate "2022.11.10"]

1. e4 e5 2. Nf3 Nc6 3. Bb5 a6 4. Ba4 Nf6 5. O-O Be7 6. Re1 b5 7. Bb3 O-O 8. d4
Nxd4 9. Nxd4 exd4 10. Qxd4 c5 11. Qd3 c4 12. Bxc4 bxc4 13. Qxc4 Bb7 14. Nc3 Rc8
15. Qd3 Qa5 16. Bd2 Qh5 17. Bf4 Bb4 18. Re3 Bxc3 19. bxc3 Bxe4 20. Rxe4 Nxe4 21.
Qxe4 Rxc3 22. Be5 Re8 23. Rb1 Rcc8 24. g4 Qxe5 0-1

[Event "chess.com SpeedChess Q1Sw"]
[Site "chess.com INT"]
[Date "2022.11.10"]
[Round "7"]
[White "Dubov, Daniil"]
[Black "Mamedov, Rauf"]
[Result "1-0"]
[WhiteTitle "GM"]
[BlackTitle "GM"]
[WhiteElo "2708"]
[BlackElo "2646"]
[WhiteFideId "24126055"]
[BlackFideId "13401653"]
[EventDate "2022.11.10"]

1. d4 Nf6 2. Nf3 g6 3. c4 Bg7 4. Nc3 d6 5. Bg5 h6 6. Bh4 O-O 7. e3 Nc6 8. Be2 e5
9. dxe5 dxe5 10. Qxd8 Rxd8 11. Bxf6 Bxf6 12. Nd5 Kg7 13. Nd2 Bf5 14. g4 Be6 15.
Nxc7 Rac8 16. Nxe6+ fxe6 17. O-O-O Bh4 18. Ne4 Kf8 19. Rxd8+ Rxd8 20. Rd1 Rxd1+
21. Kxd1 Ke7 22. a3 Nd8 23. Bd3 Nf7 24. Ke2 a5 25. c5 Kd7 26. Bb5+ Ke7 27. Nd2
Ng5 28. Bd3 Nh3 29. f3 Bg5 30. Nc4 Kf6 31. Be4 1-0

[Event "chess.com SpeedChess Q1Sw"]
[Site "chess.com INT"]
[Date "2022.11.10"]
[Round "7"]
[White "Dushyant, Sharma"]
[Black "Pranav, Anand"]
[Result "0-1"]
[WhiteTitle "IM"]
[BlackTitle "IM"]
[WhiteElo "2370"]
[BlackElo "2502"]
[WhiteFideId "25065130"]
[BlackFideId "46626786"]
[EventDate "2022.11.10"]

1. e4 c5 2. Nf3 Nc6 3. d4 cxd4 4. Nxd4 Nf6 5. Nc3 d6 6. f4 e6 7. Nf3 Be7 8. Bd3
a6 9. a4 Bd7 10. O-O Qc7 11. Kh1 Kd8 12. Be3 Ke8 13. Qe1 Kf8 14. Rd1 Rd8 15. Qg3
h5 16. h3 h4 17. Qf2 Qb8 18. Rde1 Rh5 19. e5 dxe5 20. fxe5 Nxe5 21. Nxe5 Qxe5
22. Bb6 Qb8 23. Bxd8 Bxd8 24. Ne4 Kg8 25. Qf3 Rh6 26. Qf4 Qxf4 27. Rxf4 Nh5 28.
Rf2 Bb6 29. Rd2 Bc6 30. Be2 Ng3+ 31. Nxg3 hxg3 32. Bf3 Bxf3 33. gxf3 Rxh3+ 34.
Kg2 Rh2+ 35. Kxg3 Rxd2 0-1

[Event "chess.com SpeedChess Q1Sw"]
[Site "chess.com INT"]
[Date "2022.11.10"]
[Round "7"]
[White "Balaji, Aaravamudhan"]
[Black "Yuan, Qingyu"]
[Result "0-1"]
[WhiteTitle "CM"]
[WhiteElo "2353"]
[BlackElo "2373"]
[WhiteFideId "436224"]
[BlackFideId "8609772"]
[EventDate "2022.11.10"]

1. Nf3 d5 2. g3 c5 3. Bg2 Nc6 4. d4 Nf6 5. O-O e6 6. c4 dxc4 7. Qa4 Bd7 8. Qxc4
b5 9. Qc3 b4 10. Qd3 Rc8 11. dxc5 Bxc5 12. Nbd2 O-O 13. Nb3 Bb6 14. Bg5 Qe7 15.
Rac1 Rfd8 16. Qb1 h6 17. Bd2 a5 18. Na1 e5 19. Nc2 e4 20. Nfe1 Bg4 21. Be3 Bxe3
22. Nxe3 Bxe2 23. h4 Nd4 24. N1c2 Bxf1 25. Nxd4 Bd3 26. Rxc8 Rxc8 27. Qd1 Qe5
28. Ne2 Qxb2 29. Nf4 Rc1 0-1

[Event "chess.com SpeedChess Q1Sw"]
[Site "chess.com INT"]
[Date "2022.11.10"]
[Round "7"]
[White "Klukin, Kirill"]
[Black "Vasquez Schroeder, Rodrigo"]
[Result "1-0"]
[WhiteTitle "IM"]
[BlackTitle "GM"]
[WhiteElo "2390"]
[BlackElo "2515"]
[WhiteFideId "24199273"]
[BlackFideId "3400042"]
[EventDate "2022.11.10"]

1. d4 d5 2. c4 e6 3. Nc3 c6 4. Nf3 dxc4 5. e3 b5 6. a4 Bb4 7. Bd2 a5 8. axb5
Bxc3 9. Bxc3 cxb5 10. b3 Bb7 11. bxc4 b4 12. Bb2 Nf6 13. Bd3 O-O 14. O-O Be4 15.
Bxe4 Nxe4 16. Ne5 Nd7 17. Nc6 Qc7 18. d5 Nec5 19. Qg4 f6 20. Rfd1 e5 21. f4 e4
22. Ne7+ Kh8 23. d6 Qb7 24. Rd5 Rf7 25. Rh5 g6 26. Nxg6+ Kg8 27. Ne7+ Kh8 28.
Ng6+ Kg8 29. Ne7+ Kh8 30. Rxa5 Rg7 31. Rxa8+ Qxa8 32. Ng6+ Kg8 33. Ne7+ Kf7 34.
Rxh7 Rxh7 35. Qg6+ Kf8 36. Qg8# 1-0